LEADER 01337nam 2200349 n 450 001 996383093203316 005 20221108045026.0 035 $a(CKB)1000000000598481 035 $a(EEBO)2248537700 035 $a(UnM)99865338 035 $a(EXLCZ)991000000000598481 100 $a19940202d1648 uy | 101 0 $aeng 135 $aurbn||||a|bb| 200 12$aA declaration of the commissioners of the Generall Assembly to the whole Kirk and kingdome of Scotland$b[electronic resource] $econcerning present dangers and duties, relating to the Covenant, and religion 210 $aPrinted at Edinburgh $cby Evan Tyler printer to the Kings most Excellent Majesty$d1648 215 $a[2], 16 p 300 $aSigned: A. Ker. 300 $aAnnotation on Thomason copy: "March 20th 1647"; the 8 in imprint date is crossed out. 300 $aReproduction of the original in the British Library. 330 $aeebo-0018 606 $aChurch and state$zScotland$vEarly works to 1800 615 0$aChurch and state 701 $aKer$b A$01001307 801 0$bCu-RivES 801 1$bCu-RivES 801 2$bCStRLIN 801 2$bWaOLN 906 $aBOOK 912 $a996383093203316 996 $aA declaration of the commissioners of the Generall Assembly to the whole Kirk and kingdome of Scotland$92306846 997 $aUNISA